[Event "European Cities & Towns Chess Championship - Youth"]
[Site "Central Europe"]
[Date "2023.01.29"]
[Round "3.2.3"]
[White "Mohonea, Alexandru"]
[Black "Dumitru, Rucsandra Sofia"]
[Result "1-0"]
[WhiteElo "1329"]
[BlackElo "1156"]
[BlackCountry "RO"]
[BlackFideId "42204011"]
[BlackTeam "Iasi"]
[WhiteCountry "RO"]
[WhiteFideId "42205077"]
[WhiteTeam "CSM Galati"]

1. d4 Nf6 2. Nf3 g6 3. g3 Bg7 4. Bg2 O-O 5. O-O d6 6. b3 Nbd7 7. Bb2 c5 8.
 e3 Rb8 9. Nbd2 b5 10. c4 bxc4 11. Nxc4 d5 12. Nce5 Ba6 13. Re1 Nxe5 14. 
Nxe5 Qc8 15. Rc1 c4 16. Ba1 Qe6 17. bxc4 dxc4 18. d5 Qd6 19. Nxc4 Bxc4 20.
 Rxc4 Rfd8 21. e4 Qa6 22. Qa4 Qxa4 23. Rxa4 Rbc8 24. Rxa7 Rc2 25. Rxe7 
Rxa2 26. Bxf6 Bxf6 27. Rc7 Re8 28. f4 Raa8 29. e5 Bd8 30. Rcc1 Bb6+ 31. 
Kh1 Bf2 32. Re2 Bb6 33. d6 Red8 34. Bxa8 Rxa8 35. d7 Rd8 36. Rc8 Rxc8 37. 
dxc8=Q+ 1-0

[Event "European Cities & Towns Chess Championship - Youth"]
[Site "Central Europe"]
[Date "2023.01.29"]
[Round "3.2.4"]
[White "Tcaciuc, Smaranda-Maria"]
[Black "George, Cernencu"]
[Result "0-1"]
[WhiteElo "1105"]
[BlackElo "1000"]
[BlackTeam "CSM Galati"]
[Termination "time forfeit"]
[WhiteCountry "RO"]
[WhiteFideId "42204992"]
[WhiteTeam "Iasi"]

1. d4 d5 2. c4 e6 3. Nc3 Nf6 4. e3 c6 5. Nf3 Bd6 6. Bd3 O-O 7. O-O Re8 8. 
e4 dxe4 9. Nxe4 Bc7 10. Bg5 Nbd7 11. Qc2 h6 12. Bxf6 Nxf6 13. Nxf6+ Qxf6 
14. Rfe1 e5 15. dxe5 Bxe5 16. Nxe5 Rxe5 17. Rxe5 Qxe5 18. Qd2 Be6 19. Re1 
Qc5 20. b3 Rd8 21. Qc2 Qd6 22. Rd1 Qc7 23. Bh7+ Kf8 24. Rxd8+ Qxd8 25. Qd3
Qe7 26. Be4 g6 27. h3 Kg8 28. Kh2 Qc7+ 29. Qg3 Qe7 30. Qb8+ Kg7 31. Qe5+ 
f6 32. Qg3 g5 33. h4 Bxc4 0-1

[Event "European Cities & Towns Chess Championship - Youth"]
[Site "Central Europe"]
[Date "2023.01.29"]
[Round "3.3.1"]
[White "Capjak, David"]
[Black "Dodoi, Matei-Teodor"]
[Result "0-1"]
[WhiteElo "1122"]
[BlackElo "1745"]
[BlackCountry "RO"]
[BlackFideId "1278029"]
[BlackTeam "Ia?i - Region"]
[WhiteCountry "HR"]
[WhiteFideId "14582554"]
[WhiteTeam "Zagreb"]

1. e4 c5 2. Nf3 d6 3. d4 cxd4 4. Nxd4 Nf6 5. Nc3 a6 6. Bg5 e6 7. Bc4 Be7 
8. O-O Qc7 9. Bb3 O-O 10. Qd2 Nbd7 11. f4 Nc5 12. Rfe1 b5 13. e5 Ne8 14. 
Bxe7 Qxe7 15. Ne4 Bb7 16. Nxc5 dxc5 17. Nxe6 fxe6 18. c4 Nc7 19. Rac1 Rad8
20. Qe3 Rd4 21. Rf1 bxc4 22. Bxc4 Nd5 23. Bxd5 Bxd5 24. b3 Re4 25. Qxc5 
Qxc5+ 26. Rxc5 Re2 27. Rf2 Re1+ 28. Rf1 Rxf1+ 29. Kxf1 Rxf4+ 30. Ke2 Re4+ 
31. Kd2 Rxe5 32. g3 Rf5 33. Ke3 h5 34. Ra5 Bb7 35. Rxf5 exf5 36. Kf4 g6 
37. Kg5 Kg7 38. h4 a5 39. a3 Bd5 40. b4 axb4 41. axb4 Bc4 42. Kf4 Kf6 43. 
b5 Bxb5 44. Kf3 g5 45. Ke3 gxh4 46. gxh4 Ke5 47. Kf3 Bc6+ 48. Ke3 f4+ 49. 
Kf2 Ke4 50. Ke2 Bb5+ 51. Kf2 f3 52. Ke1 Ke3 53. Kd1 f2 54. Kc2 f1=Q 55. 
Kb3 Qc1 56. Ka2 Qc3 57. Kb1 Bd3+ 58. Ka2 Qb4 59. Ka1 Qa3# 0-1

[Event "European Cities & Towns Chess Championship - Youth"]
[Site "Central Europe"]
[Date "2023.01.29"]
[Round "3.3.2"]
[White "Costache, Andrei Eugeniu"]
[Black "Botica, Viseslav"]
[Result "1-0"]
[WhiteElo "1632"]
[BlackElo "1072"]
[BlackCountry "HR"]
[BlackFideId "14574799"]
[BlackTeam "Zagreb"]
[WhiteCountry "RO"]
[WhiteFideId "42206057"]
[WhiteTeam "Ia?i - Region"]

1. e4 c5 2. Nf3 d6 3. c3 Nf6 4. Be2 Nc6 5. d4 cxd4 6. cxd4 Nxe4 7. d5 Qa5+
8. Nc3 Nxc3 9. bxc3 Ne5 10. Nxe5 Qxc3+ 11. Bd2 Qxe5 12. O-O g6 13. Bb5+ 
Bd7 14. Bxd7+ Kxd7 15. Qa4+ Kd8 16. Ba5+ b6 17. Bxb6+ Kc8 18. Qc6+ Kb8 19.
 Qc7# 1-0

[Event "European Cities & Towns Chess Championship - Youth"]
[Site "Central Europe"]
[Date "2023.01.29"]
[Round "3.3.3"]
[White "Kovac, Faust"]
[Black "Codru, Raul Cristian"]
[Result "0-1"]
[WhiteElo "1000"]
[BlackElo "1344"]
[BlackCountry "RO"]
[BlackFideId "42203996"]
[BlackTeam "Ia?i - Region"]
[WhiteCountry "HR"]
[WhiteFideId "14595338"]
[WhiteTeam "Zagreb"]

1. e4 c5 2. Nf3 d6 3. Nc3 Nf6 4. Bc4 e6 5. d3 a6 6. O-O Be7 7. a3 Nc6 8. 
Bg5 O-O 9. h3 b5 10. Ba2 Bb7 11. d4 cxd4 12. Nxd4 Rc8 13. Nxc6 Bxc6 14. 
Bxf6 Bxf6 15. Re1 Qc7 16. Qd2 Bb7 17. Ne2 Qxc2 18. Qxc2 Rxc2 19. Rab1 Rxb2
20. Rxb2 Bxb2 21. Rb1 Bxa3 22. f3 Rc8 23. h4 Rc2 24. Rb3 Rxa2 25. Rc3 Bc5+
26. Kf1 Ra1+ 27. Rc1 Rxc1+ 28. Nxc1 h5 29. Nb3 b4 30. Nxc5 dxc5 31. Ke1 a5
32. Kd1 a4 33. Kc1 Ba6 34. g3 a3 35. Kb1 b3 36. Ka1 c4 37. Kb1 c3 38. Kc1 
Bd3 39. e5 a2 0-1

[Event "European Cities & Towns Chess Championship - Youth"]
[Site "Central Europe"]
[Date "2023.01.29"]
[Round "3.3.4"]
[White "Minescu, Leon"]
[Black "Malaric, Marko"]
[Result "0-1"]
[WhiteElo "1317"]
[BlackElo "1234"]
[BlackCountry "HR"]
[BlackFideId "14594960"]
[BlackTeam "Zagreb"]
[WhiteCountry "RO"]
[WhiteFideId "1294148"]
[WhiteTeam "Ia?i - Region"]

1. d4 Nf6 2. c4 e6 3. Nc3 Bb4 4. e3 Bxc3+ 5. bxc3 b6 6. Bd3 Nc6 7. Nf3 Na5
8. O-O Ba6 9. Qe2 O-O 10. Ba3 Re8 11. c5 Bxd3 12. Qxd3 d5 13. cxd6 cxd6 
14. Rfe1 d5 15. Nd2 Rc8 16. Rac1 Nc4 17. Nxc4 Rxc4 18. Bb2 Qd7 19. e4 Rec8
20. e5 Ne8 21. f4 g6 22. Re3 Ng7 23. g4 h5 24. h3 Qa4 25. a3 Qd7 26. Kg2 
a5 27. Kf3 b5 28. Qd2 Qe7 29. Qe1 Qb7 30. g5 Nf5 31. Rd3 Qc6 32. Rdd1 Ra4 
33. Ra1 Qc4 34. Qe2 Nh4+ 35. Kf2 Qxe2+ 36. Kxe2 Rac4 37. Kd3 Nf5 38. Rg1 
b4 39. axb4 axb4 40. Rac1 bxc3 41. Bxc3 Kg7 42. Bb2 Rxc1 43. Rxc1 Rb8 44. 
Bc3 Rb3 45. Kc2 Rb8 46. Kd3 Rc8 47. Rb1 Rc4 48. Rb4 Rc8 49. Rb7 Ng3 50. 
Rb2 Ne4 51. Be1 Rc4 52. Rc2 Ra4 53. Rb2 Ra3+ 54. Ke2 Rxh3 55. Bf2 Nxf2 56.
 Kxf2 Rh2+ 57. Ke3 Rxb2 58. f5 exf5 59. Kf4 Rb4 60. e6 fxe6 61. Ke5 Kf7 
62. Kf4 Rxd4+ 63. Ke5 Re4+ 64. Kd6 Rg4 65. Ke5 Rxg5 66. Kf4 Rg4+ 67. Ke5 
Re4+ 68. Kd6 d4 69. Kc5 d3 70. Kc6 d2 71. Kc5 d1=Q 72. Kc6 Re2 73. Kb5 Rc2
74. Kb4 Qb1+ 75. Ka4 Ra2# 0-1

[Event "European Cities & Towns Chess Championship - Youth"]
[Site "Central Europe"]
[Date "2023.01.29"]
[Round "3.4.1"]
[White "Siskou, Evangelia"]
[Black "Tamiolakis, Grigorios"]
[Result "1-0"]
[WhiteElo "1502"]
[BlackElo "1226"]
[BlackCountry "GR"]
[BlackFideId "42143799"]
[BlackTeam "Heraklion"]
[WhiteCountry "GR"]
[WhiteFideId "42113938"]
[WhiteTeam "Thessaloniki"]

1. e4 d5 2. exd5 Qxd5 3. Nc3 Qa5 4. d4 Nf6 5. Bc4 Bg4 6. Nf3 Nc6 7. Be3 
O-O-O 8. O-O e5 9. d5 e4 10. Qe1 exf3 11. dxc6 bxc6 12. Rd1 Rxd1 13. Nxd1 
Qxe1 14. Rxe1 fxg2 15. Bxa7 Kb7 16. Bd4 Bd6 17. Ne3 Bh5 18. Nxg2 Rd8 19. 
Bc3 Bg6 20. Bb3 Nd5 21. Bd4 f6 22. a4 Nf4 23. Nxf4 Bxf4 24. Be3 Be5 25. c3
Re8 26. Bc4 Ra8 27. Ra1 Bc2 28. a5 Bf5 29. a6+ Kb8 30. a7+ Kb7 31. Ba6# 
1-0

[Event "European Cities & Towns Chess Championship - Youth"]
[Site "Central Europe"]
[Date "2023.01.29"]
[Round "3.4.2"]
[White "Anastasaki, Georgia"]
[Black "Marinidis, Stavros"]
[Result "0-1"]
[WhiteElo "1000"]
[BlackElo "1378"]
[BlackCountry "GR"]
[BlackFideId "42104904"]
[BlackTeam "Thessaloniki"]
[WhiteCountry "GR"]
[WhiteFideId "42112419"]
[WhiteTeam "Heraklion"]

1. e4 e5 2. Nf3 Nc6 3. Nc3 Nf6 4. Bb5 Bb4 5. d3 d6 6. O-O h6 7. h3 Bxc3 8.
 bxc3 O-O 9. Bxc6 bxc6 10. Be3 Qe8 11. c4 Qe7 12. Qd2 d5 13. cxd5 cxd5 14.
 exd5 Nxd5 15. c4 Nf6 16. a3 e4 17. dxe4 Nxe4 18. Qb4 c5 19. Qb5 a6 20. 
Qc6 Bb7 21. Qb6 f5 22. Nd2 Nxd2 23. Bxd2 Qe4 24. f3 Qd4+ 25. Kh1 Bxf3 26. 
gxf3 Qxd2 27. Qxc5 Kh8 28. Qd5 Qf4 29. Rg1 Rad8 30. Qc5 Qxf3+ 31. Rg2 
Qxh3+ 32. Rh2 Qf3+ 33. Rg2 Qc3 34. Rag1 Rf7 35. Qf2 Qxc4 36. Qg3 Qd3 37. 
Qxg7+ Rxg7 38. Rxg7 Qh3# 0-1

[Event "European Cities & Towns Chess Championship - Youth"]
[Site "Central Europe"]
[Date "2023.01.29"]
[Round "3.4.3"]
[White "Misios, Konstantinos"]
[Black "Chatzisavvas, Nikolaos"]
[Result "1-0"]
[WhiteElo "1357"]
[BlackElo "1000"]
[BlackCountry "GR"]
[BlackFideId "42124247"]
[BlackTeam "Heraklion"]
[WhiteCountry "GR"]
[WhiteFideId "42122406"]
[WhiteTeam "Thessaloniki"]

1. e4 e5 2. Nf3 Nc6 3. Bb5 Nf6 4. d3 d6 5. Bg5 Bg4 6. Nc3 Be7 7. h3 Bh5 8.
 O-O a6 9. Ba4 b5 10. Bb3 O-O 11. Bxf6 Bxf6 12. Nd5 Bg5 13. Ne3 Re8 14. 
Bd5 Qf6 15. Bxc6 Rab8 16. Bxe8 Rxe8 17. Nd5 Qg6 18. g4 Rc8 19. gxh5 Qxh5 
20. Nxg5 Qxg5+ 21. Qg4 Qxg4+ 22. hxg4 Kf8 23. f4 h6 24. fxe5 dxe5 25. Rf5 
f6 26. Raf1 Kf7 27. Rxe5 Kg6 28. Ne7+ 1-0

[Event "European Cities & Towns Chess Championship - Youth"]
[Site "Central Europe"]
[Date "2023.01.29"]
[Round "3.4.4"]
[White "Kilaidakis, Ioannis"]
[Black "Spagkakas, Konstantinos"]
[Result "1/2-1/2"]
[WhiteElo "1000"]
[BlackElo "1251"]
[BlackCountry "GR"]
[BlackFideId "25876384"]
[BlackTeam "Thessaloniki"]
[WhiteCountry "GR"]
[WhiteFideId "42133564"]
[WhiteTeam "Heraklion"]

1. e4 c5 2. Nf3 e6 3. d4 cxd4 4. Nxd4 Nf6 5. Bd3 d6 6. Nc3 a6 7. a4 Nbd7 
8. O-O b6 9. Kh1 Bb7 10. f4 Nc5 11. Qe2 Be7 12. b4 Nxd3 13. cxd3 Rc8 14. 
Nd1 Qc7 15. Be3 O-O 16. Rc1 Qd7 17. Nb2 g6 18. f5 e5 19. Nb3 Bd8 20. Bh6 
Re8 21. Bg5 d5 22. Rxc8 Qxc8 23. fxg6 Qe6 24. Bxf6 Bxf6 25. Qf3 Kg7 26. 
gxf7 Rf8 27. Nd2 Rxf7 28. Qf5 Qxf5 29. Rxf5 dxe4 30. Nxe4 Bxe4 31. dxe4 
Rc7 32. Nd3 Rc3 33. Rf3 Rb3 34. h3 Ra3 35. b5 Rxa4 36. bxa6 Rxa6 37. Rf2 
Bh4 38. Rb2 Bg3 39. Rb1 Kf6 40. Kg1 b5 41. Kf1 Ra3 42. Nc5 Ra5 43. Rb3 Bf4
44. Nb7 Ra1+ 45. Ke2 Ra2+ 46. Kf3 b4 47. g3 Ra3 48. Rxa3 bxa3 49. Nc5 a2 
50. Nb3 Bc1 51. g4 Bb2 52. h4 a1=Q 53. Nxa1 Bxa1 54. g5+ Kg6 55. Kg4 Bd4 
56. h5+ Kg7 57. Kf5 Bc3 58. Kg4 Bd2 59. Kf5 Bf4 60. Kg4 h6 61. g6 Kf6 62. 
Kh4 Bg5+ 63. Kg4 Be3 64. Kh4 Bc5 65. Kg4 Bf8 66. Kh4 Be7 67. Kg4 Kg7 68. 
Kf5 Bf6 69. Ke6 Bd8 70. Kf5 Bc7 71. Ke6 Bb8 72. Kf5 Bd6 73. Ke6 Bb8 74. 
Kf5 Bc7 75. Ke6 Bb8 1/2-1/2

[Event "European Cities & Towns Chess Championship - Youth"]
[Site "Central Europe"]
[Date "2023.01.29"]
[Round "3.5.1"]
[White "Borodich, Miroslav"]
[Black "Molchanov, Roman"]
[Result "1-0"]
[WhiteElo "1326"]
[BlackElo "1329"]
[BlackCountry "UA"]
[BlackFideId "34131086"]
[BlackTeam "Lviv Chess Federation"]
[Termination "time forfeit"]
[WhiteCountry "CY"]
[WhiteFideId "5906571"]
[WhiteTeam "Nicosia"]

1. e4 e5 2. Nf3 Nc6 3. d4 exd4 4. Bc4 Bc5 5. c3 Nf6 6. cxd4 Bb4+ 7. Bd2 
Bxd2+ 8. Nbxd2 d5 9. exd5 Nxd5 10. O-O O-O 11. Re1 Nb6 12. Qb3 Bg4 13. d5 
Na5 14. Qc3 Naxc4 15. Nxc4 Nxd5 16. Qd4 Bxf3 17. gxf3 Qg5+ 18. Kh1 Nf4 19.
 Rg1 Ne2 20. Qe4 Nxg1 21. Rxg1 Qf6 22. Ne3 1-0

[Event "European Cities & Towns Chess Championship - Youth"]
[Site "Central Europe"]
[Date "2023.01.29"]
[Round "3.5.2"]
[White "Gavker, Markiyan"]
[Black "Bannoura, Daniel"]
[Result "0-1"]
[WhiteElo "1310"]
[BlackElo "1000"]
[BlackCountry "CY"]
[BlackFideId "5909546"]
[BlackTeam "Nicosia"]
[Termination "time forfeit"]
[WhiteCountry "UA"]
[WhiteFideId "34133810"]
[WhiteTeam "Lviv Chess Federation"]

1. e4 e5 2. Nf3 Nf6 3. Nc3 Nc6 4. Bc4 Bb4 5. d3 Bxc3+ 6. bxc3 O-O 7. O-O 
d6 8. h3 Be6 9. Bb3 a5 10. a4 Qe7 11. Bg5 Rad8 12. Re1 h6 13. Bh4 d5 14. 
exd5 Bxd5 15. Bxd5 Rxd5 16. Qe2 Re8 17. Nd2 Qd6 18. Nc4 Qe6 19. Bxf6 Qxf6 
20. Qe4 Rdd8 21. Ne3 Ne7 22. Qxb7 c6 23. Qa6 Ra8 24. Qc4 Red8 25. Ng4 Qd6 
26. Nxe5 Nd5 27. Qxc6 Qxc6 28. Nxc6 Rd7 29. c4 Nf6 30. Re7 Rd6 31. Ne5 Rf8
32. Rb1 Re6 33. Rxe6 fxe6 34. Ng6 Rf7 35. Rb8+ Kh7 36. Nf8+ Kg8 37. Nxe6+ 
Kh7 38. c5 Re7 39. Nf8+ Kg8 40. Ng6+ Re8 41. Rxe8+ Nxe8 42. d4 Kf7 43. 
Ne5+ Ke6 44. c4 Nc7 45. Kf1 g5 46. Ke2 Na6 47. Nc6 Kd7 48. Nxa5 Kc7 49. 
Ke3 Kd7 50. Ke4 Ke6 51. d5+ Ke7 52. Kd4 Kd7 53. c6+ Kc7 54. c5 Nb4 55. d6+
Kd8 0-1

[Event "European Cities & Towns Chess Championship - Youth"]
[Site "Central Europe"]
[Date "2023.01.29"]
[Round "3.5.3"]
[White "Stavrou, Christoforos"]
[Black "Hychkevych, Vitaliy"]
[Result "0-1"]
[WhiteElo "1000"]
[BlackElo "1251"]
[BlackCountry "UA"]
[BlackFideId "34127046"]
[BlackTeam "Lviv Chess Federation"]
[WhiteTeam "Nicosia"]

1. e4 c5 2. Nf3 e6 3. d4 cxd4 4. Qxd4 Nc6 5. Qd1 d6 6. Nc3 a6 7. Bc4 b5 8.
 Bd3 Bb7 9. O-O Be7 10. Bg5 Bxg5 11. h3 Be7 12. Qe2 Nf6 13. e5 dxe5 14. 
Nxe5 O-O 15. Nxc6 Bxc6 16. Qe5 Rc8 17. Qg5 Nd5 18. Qh5 g6 19. Qe5 Bf6 20. 
Qe1 Nxc3 21. bxc3 Qd5 22. f3 Qc5+ 23. Qf2 Qxc3 24. Rac1 Bd4 25. Qxd4 Qxd4+
26. Kh2 Bd5 27. Rfd1 Qf4+ 28. Kg1 Qg3 29. c4 Bxf3 30. Rd2 bxc4 31. Bxc4 
Rfd8 32. Rxd8+ Rxd8 33. Bf1 Bxg2 34. Bxg2 Rd2 35. Rc8+ Kg7 36. Rc1 Qxg2# 
0-1

[Event "European Cities & Towns Chess Championship - Youth"]
[Site "Central Europe"]
[Date "2023.01.29"]
[Round "3.5.4"]
[White "Korchevskyi, Volodymyr"]
[Black "Stylianou, Achilleas"]
[Result "1-0"]
[WhiteElo "1244"]
[BlackElo "1000"]
[BlackTeam "Nicosia"]
[WhiteCountry "UA"]
[WhiteFideId "34157310"]
[WhiteTeam "Lviv Chess Federation"]

1. e4 e5 2. Nf3 Nc6 3. d4 f6 4. d5 Nb8 5. Nxe5 fxe5 6. Qh5+ Ke7 7. Qxe5+ 
Kf7 8. d6 Bxd6 9. Bc4+ Kf8 10. Qd5 Nh6 11. Bxh6 Qe7 12. Qf5+ Ke8 13. Bg5 
Bb4+ 14. c3 Qf8 15. cxb4 Qxf5 16. exf5 Rf8 17. g4 g6 18. f6 c6 19. f7+ 
Rxf7 20. Bxf7+ Kxf7 21. Nc3 d5 22. h3 Kg7 23. O-O-O h6 24. Bf4 g5 25. Be5+
Kg6 26. Rhe1 h5 27. Bxb8 Rxb8 28. Re8 hxg4 29. hxg4 b6 30. Rh1 c5 31. Rhh8
d4 32. Nd5 Kg7 33. Rxc8 Rxc8 34. Rxc8 d3 35. bxc5 bxc5 36. Rxc5 Kf7 37. 
Kd2 a5 38. Kxd3 a4 39. Ke4 Ke6 40. Nc3 a3 41. bxa3 Kd6 42. Rxg5 Kc6 43. 
Rd5 Kb7 44. g5 Kc6 45. g6 Kb7 46. Rd6 Kc7 47. Kd5 Kc8 48. Kc6 Kb8 49. Kb6 
Kc8 50. g7 Kb8 51. Rd8# 1-0

[Event "European Cities & Towns Chess Championship - Youth"]
[Site "Central Europe"]
[Date "2023.01.29"]
[Round "3.6.1"]
[White "Gromosiak, Antonii"]
[Black "Beber, Anja"]
[Result "1-0"]
[WhiteElo "1735"]
[BlackElo "1591"]
[BlackCountry "SI"]
[BlackFideId "14642255"]
[BlackTeam "Ljubljana U12"]
[WhiteCountry "UA"]
[WhiteFideId "34121366"]
[WhiteTeam "Kyiv region"]

1. e4 e5 2. Nf3 Nc6 3. d4 exd4 4. c3 dxc3 5. Bc4 Be7 6. Qd5 Nh6 7. Bxh6 
Rf8 8. Bxg7 Nb4 9. Qd1 c2 10. Qd2 cxb1=Q+ 11. Rxb1 Rg8 12. Bc3 Nc6 13. Qd5
Rf8 14. Bg7 Nb4 15. Qh5 d5 16. exd5 Qd6 17. Bxf8 Bxf8 18. O-O Qg6 19. 
Rfe1+ Be7 20. Qe5 Qd6 21. Qh8+ Kd7 22. Ne5+ Qxe5 23. Qxe5 Bd6 24. Qe8# 1-0

[Event "European Cities & Towns Chess Championship - Youth"]
[Site "Central Europe"]
[Date "2023.01.29"]
[Round "3.6.2"]
[White "Kartashov, Maksim"]
[Black "Gromosiak, Oleksii"]
[Result "0-1"]
[WhiteElo "1000"]
[BlackElo "1312"]
[BlackCountry "UA"]
[BlackFideId "34137904"]
[BlackTeam "Kyiv region"]
[WhiteCountry "SI"]
[WhiteFideId "14655446"]
[WhiteTeam "Ljubljana U12"]

1. e4 c5 2. Nc3 d6 3. Nf3 Nf6 4. d4 cxd4 5. Nxd4 Nc6 6. Nxc6 bxc6 7. Bc4 
e6 8. Qf3 d5 9. exd5 cxd5 10. Bb5+ Bd7 11. Bxd7+ Qxd7 12. O-O Bd6 13. Bf4 
O-O 14. Qg3 Nh5 15. Qf3 Nxf4 16. Qg4 Ng6 17. Rae1 Rab8 18. Re3 Rb4 19. Qh5
Rxb2 20. Rh3 h6 21. Ne2 Rxc2 22. Ng3 Nf4 23. Qg4 Nxh3+ 24. Qxh3 Bxg3 25. 
Qxg3 d4 26. h4 d3 27. Re1 d2 28. Re3 d1=Q+ 29. Kh2 Q1d6 30. Qxd6 Qxd6+ 31.
 Rg3 Rxf2 32. Kh3 Rf1 33. a4 Rh1+ 34. Kg4 f5+ 35. Kh5 Qxg3 36. a5 Rxh4# 
0-1

[Event "European Cities & Towns Chess Championship - Youth"]
[Site "Central Europe"]
[Date "2023.01.29"]
[Round "3.6.3"]
[White "Chunikhin, Miron"]
[Black "Kartashov, Nikita"]
[Result "0-1"]
[WhiteElo "1000"]
[BlackElo "1000"]
[BlackCountry "SI"]
[BlackFideId "14655454"]
[BlackTeam "Ljubljana U12"]
[WhiteCountry "UA"]
[WhiteFideId "34161325"]
[WhiteTeam "Kyiv region"]

1. e4 e5 2. Nf3 Nc6 3. Bc4 Bc5 4. Nc3 Nf6 5. O-O O-O 6. d3 h6 7. Be3 Bb6 
8. Qd2 d6 9. h3 Be6 10. Bb3 Nd4 11. Bxd4 Bxd4 12. Nxd4 exd4 13. Ne2 Bxb3 
14. axb3 d5 15. e5 Nd7 16. Rfe1 Nxe5 17. Nxd4 Ng6 18. Qc3 Qg5 19. Qxc7 Nf4
20. g3 Nxh3+ 21. Kg2 Qh5 22. Qd7 Ng5 23. Qf5 g6 24. Qf6 Qh3+ 25. Kg1 a5 
26. Nf3 Nxf3+ 27. Qxf3 d4 28. Qxb7 h5 29. Re7 h4 30. Rxf7 hxg3 31. Rxf8+ 
Rxf8 32. Qd5+ Kh7 33. fxg3 Qxg3+ 34. Qg2 Qe3+ 35. Kh2 Rf2 36. Kh1 Rxg2 37.
 Kxg2 Qg5+ 38. Kh2 Qd2+ 39. Kg3 g5 40. Rxa5 Qf4+ 41. Kg2 Qd2+ 42. Kf3 Qxa5
43. Ke4 g4 44. Kf4 Qa2 45. Kxg4 Qxb2 46. Kf4 Qxc2 47. Ke4 Qc3 48. Kd5 Qxd3
49. b4 Kg6 50. b5 Qxb5+ 51. Kxd4 Qc6 52. Ke5 Qd7 53. Ke4 Qd6 54. Ke3 Qd5 
55. Kf4 Qe6 56. Kf3 Qe5 57. Kg4 Qf5+ 58. Kg3 Qe4 59. Kf2 Qd3 60. Kg2 Qe3 
61. Kh2 Qf3 62. Kg1 Qe2 63. Kh1 Kg5 64. Kg1 Kg4 65. Kh1 Kg3 66. Kg1 Qg2# 
0-1

[Event "European Cities & Towns Chess Championship - Youth"]
[Site "Central Europe"]
[Date "2023.01.29"]
[Round "3.6.4"]
[White "Kovacic, Jakob"]
[Black "Andrey, Dudnikov"]
[Result "1-0"]
[WhiteElo "1000"]
[BlackElo "1000"]
[BlackTeam "Kyiv region"]
[WhiteCountry "SI"]
[WhiteFideId "14645645"]
[WhiteTeam "Ljubljana U12"]

1. e4 e5 2. Nf3 Nc6 3. Bb5 a6 4. Ba4 b5 5. Bb3 Bc5 6. O-O d6 7. h3 Nf6 8. 
d3 h6 9. c3 O-O 10. Re1 Bb6 11. Nh4 Ne7 12. Be3 Be6 13. Bxe6 fxe6 14. Bxb6
cxb6 15. Nd2 Rc8 16. Rf1 a5 17. a4 bxa4 18. Rxa4 b5 19. Ra1 a4 20. c4 bxc4
21. Nxc4 d5 22. Nxe5 Qe8 23. exd5 Nfxd5 24. Rxa4 Nf4 25. Ra1 Nfg6 26. 
Nhxg6 Nxg6 27. Nc4 e5 28. Nd6 Qd7 29. Nxc8 Rxc8 30. Qb3+ Kh8 31. Rac1 Rxc1
32. Rxc1 Nf4 33. Rd1 Ne6 34. Qb8+ Kh7 35. Qxe5 Ng5 36. Qe3 Qb5 37. Qc1 Kg6
38. Qc2 Kf6 39. Qc3+ Kg6 40. d4 Kf6 41. d5+ Ke7 42. d6+ Ke8 43. Re1+ Kd7 
44. Qc7# 1-0

[Event "European Cities & Towns Chess Championship - Youth"]
[Site "Central Europe"]
[Date "2023.01.29"]
[Round "4.1.1"]
[White "Gales, Randi-Ioan"]
[Black "Kuru, Atilla"]
[Result "0-1"]
[WhiteElo "1911"]
[BlackElo "2054"]
[BlackCountry "TR"]
[BlackFideId "51607948"]
[BlackTeam "Istanbul"]
[WhiteCountry "RO"]
[WhiteFideId "1285360"]
[WhiteTeam "CSM Galati"]

1. d4 e6 2. c4 d5 3. Nc3 Nf6 4. cxd5 exd5 5. Bg5 c6 6. e3 h6 7. Bh4 Be7 8.
 Bd3 O-O 9. Qc2 Re8 10. Nge2 Nbd7 11. O-O Ne4 12. Bxe7 Qxe7 13. Bxe4 dxe4 
14. Ng3 Nf6 15. Rfd1 Bg4 16. Rd2 h5 17. h3 Bd7 18. d5 cxd5 19. Nxd5 Nxd5 
20. Rxd5 h4 21. Nxe4 Bc6 22. Ng5 g6 23. Rc5 Rad8 24. Qc4 Kg7 25. e4 Qf6 
26. Qc3 Qxc3 27. Rxc3 f6 28. Nf3 Rxe4 29. Rac1 g5 30. Nh2 Re2 31. R3c2 
Rxc2 32. Rxc2 Rd1+ 33. Nf1 Bb5 34. Rc7+ Kg6 35. Rxb7 Rxf1+ 36. Kh2 Bc6 37.
 Rc7 Bd5 38. Rd7 Bxa2 39. Rxa7 Bd5 40. Rd7 Be6 41. Rd2 Kf5 42. Re2 Bc4 43.
 Rc2 Bd5 44. f3 Ke5 45. Rd2 Rc1 46. Re2+ Kd6 47. Rd2 f5 48. b4 Rb1 49. Rd4
Ke5 50. Rd2 Rxb4 51. Re2+ Kf4 52. Rd2 Bb7 53. Rc2 Rd4 54. Rb2 Bd5 55. Re2 
Rd3 56. Rb2 Rd4 57. Re2 Bxf3 58. Rf2 g4 59. gxf3 g3+ 0-1

[Event "European Cities & Towns Chess Championship - Youth"]
[Site "Central Europe"]
[Date "2023.01.29"]
[Round "4.1.2"]
[White "Uzdemir, Ali Poyraz"]
[Black "Leu, Dragos Stefan"]
[Result "1/2-1/2"]
[WhiteElo "1638"]
[BlackElo "1810"]
[BlackCountry "RO"]
[BlackFideId "1292730"]
[BlackTeam "CSM Galati"]
[WhiteCountry "TR"]
[WhiteFideId "51619733"]
[WhiteTeam "Istanbul"]

1. e4 c5 2. Nc3 d6 3. g3 Nf6 4. Bg2 g6 5. d3 Bg7 6. Nge2 Nc6 7. O-O O-O 8.
 h3 Nd4 9. Be3 Nd7 10. Rb1 e6 11. Qd2 f5 12. f4 Rb8 13. Nd1 b5 14. c3 
Nxe2+ 15. Qxe2 Nb6 16. e5 Qc7 17. d4 c4 18. Nf2 Bb7 19. Bd2 Bxg2 20. Kxg2 
d5 21. h4 h5 22. Nh3 Bh6 23. Ng5 Bxg5 24. hxg5 a5 25. a3 Nc8 26. Qe1 Ne7 
27. Rh1 Nc6 28. Qd1 b4 29. axb4 axb4 30. Qc2 b3 31. Qd1 Ra8 32. Ra1 Qb7 
33. Qe2 Ra2 34. Be3 Rfa8 35. Rab1 Kg7 36. Qd2 Na7 37. Qc1 Nb5 38. Bd2 Qe7 
39. Qd1 Qd8 40. Qc1 R8a7 41. Qd1 Qa8 42. Qc1 R7a5 43. Qd1 Qb8 44. Qc1 Qa8 
45. Qd1 Qb8 46. Qc1 Qa8 1/2-1/2

[Event "European Cities & Towns Chess Championship - Youth"]
[Site "Central Europe"]
[Date "2023.01.29"]
[Round "4.1.3"]
[White "Mohonea, Alexandru"]
[Black "Akkara, Omer"]
[Result "0-1"]
[WhiteElo "1329"]
[BlackElo "1443"]
[BlackCountry "TR"]
[BlackFideId "26319802"]
[BlackTeam "Istanbul"]
[Termination "time forfeit"]
[WhiteCountry "RO"]
[WhiteFideId "42205077"]
[WhiteTeam "CSM Galati"]

1. d4 Nf6 2. Nf3 g6 3. g3 Bg7 4. Bg2 O-O 5. O-O d6 6. b3 Nbd7 7. Bb2 c5 8.
 e3 Qc7 9. Nbd2 b6 10. Ne5 Bb7 11. Bxb7 Qxb7 12. Nxd7 Nxd7 13. Qf3 Qc7 14.
 c4 e5 15. dxe5 dxe5 16. Qe2 f5 17. Rab1 Rad8 18. e4 f4 19. Nf3 Nb8 20. 
Rfd1 Nc6 21. Rd5 Nb4 22. Bxe5 Bxe5 23. Rxe5 fxg3 24. Rg5 gxf2+ 25. Qxf2 
Qf4 26. Rg3 Qxe4 27. Re1 Qf4 28. Rf1 Rd3 29. Qg2 Qe3+ 30. Kh1 Qf4 0-1

[Event "European Cities & Towns Chess Championship - Youth"]
[Site "Central Europe"]
[Date "2023.01.29"]
[Round "4.1.4"]
[White "Sahin, Zeynep Duru"]
[Black "George, Cernencu"]
[Result "1-0"]
[WhiteElo "1385"]
[BlackElo "1000"]
[BlackTeam "CSM Galati"]
[Termination "time forfeit"]
[WhiteCountry "TR"]
[WhiteFideId "51606550"]
[WhiteTeam "Istanbul"]

1. e4 e6 2. d4 d5 3. Nd2 dxe4 4. Nxe4 Bd7 5. Bd3 Bc6 6. Nf3 Nf6 7. Nxf6+ 
Qxf6 8. Bg5 Bxf3 9. Qxf3 Qxf3 10. gxf3 Nd7 11. O-O-O Bd6 12. Be4 c6 13. 
Bh4 f6 14. Bg3 Bxg3 15. fxg3 O-O-O 16. Rhe1 f5 17. Bd3 Rhe8 18. Bc4 e5 19.
 dxe5 Nxe5 20. Rxd8+ Kxd8 21. Rd1+ Kc7 22. Be2 Ng6 23. Bd3 Re3 24. Bxf5 
Rxf3 25. Rd7+ Kb6 26. Bxg6 hxg6 27. Rxg7 Rf1+ 28. Kd2 Rf2+ 29. Kc3 Rxh2 
30. Rxg6 Kb5 31. g4 b6 32. Rg7 a6 33. b3 c5 34. g5 Rh3+ 35. Kb2 Rg3 36. g6
Kc6 37. Ra7 a5 38. g7 Kd6 39. Ka3 Kc6 40. Rf7 Kb5 41. Kb2 a4 42. Kc1 Kb4 
43. Rf4+ Kb5 44. bxa4+ Ka5 45. Rf7 Kxa4 46. Kd2 Kb5 47. Ke2 Kc6 48. Kf2 
Rg6 49. Ke3 Kd5 50. Kf4 Ke6 51. Ra7 Kf6 52. Rb7 Rg2 53. Ke4 1-0